Didáctica sobre actividades creadoras y prácticas : manualidades y actividades prácticas.

Guardado en:
Detalles Bibliográficos
Autor principal: Fuente García, Luis de la (autor)
Autor corporativo: México. Presidencia de la República Secretaría de Educación Pública. Instituto Federal de Capacitación del Magisterio
Formato: Libro
Idioma:Español
Temas:
Etiquetas: Agrega una etiqueta
Sin etiquetas, Sé el primero en etiquetar este registro!

MARC

LEADER 00000cam^a2200000uu^4500
001 000471919
005 20250521000000.0
008 050901s1969^^^^^^^^^^^^rd^r^^000^0^spa^d
009 20260310124636.163
035 |a FCE 000014727 
035 |a FCE 007005 
037 |a Acervo ITESO - Biblioteca 
041 |a spa 
082 0 4 |a 372.8276  |b FUEd 
100 |a Fuente García, Luis de la  |e (autor) 
245 1 0 |a Didáctica sobre actividades creadoras y prácticas :  |b manualidades y actividades prácticas. 
264 |a México :  |b Oasis,  |c 1969. 
300 |a 299 p. 
336 |a texto  |b txt  |2 rdacontenido 
337 |a sin mediación  |b n  |2 rdamedio 
338 |a volumen  |b nc  |2 rdasoporte 
649 |a XX 
650 |a Teoría 
650 |a Didáctica 
650 |a Actividad recreativa 
650 |a Desarrollo humano 
650 |a Creatividad 
710 |a México. Presidencia de la República  |b Secretaría de Educación Pública. Instituto Federal de Capacitación del Magisterio 
910 |a Fondo Centro de Estudios Educativos 
920 |a Impresos - Libros 
930 |a Fondos Especiales 
905 |a 133 
901 |a ALE007005  |b IT2  |c CEE  |u 20250521 
902 |a https://opac.biblio.iteso.mx/vufind/Record/000471919